Hamlet.
I tiakina i:
| Kaituhi matua: | |
|---|---|
| Ētahi atu kaituhi: | |
| Hōputu: | Pukapuka |
| Reo: | Pāniora |
| I whakaputaina: |
Santiago, Chile:
Zig-Zag,
2018.
|
| Putanga: | 23ª. edición |
| Rangatū: | Viento Joven. Teatro.
|
| Ngā marau: | |
| Ngā Tūtohu: |
Tāpirihia he Tūtohu
Kāore He Tūtohu, Me noho koe te mea tuatahi ki te tūtohu i tēnei pūkete!
|
MARC
| LEADER | 00000nam a2200000 a 4500 | ||
|---|---|---|---|
| 001 | UCZ5759 | ||
| 003 | CL-VaPUC | ||
| 005 | 20230623074125.0 | ||
| 008 | 951124e20180000CL |||||||||||||||||spa|d | ||
| 999 | |c 435752 |d 435750 | ||
| 020 | |a 978-956-12-3025-5 | ||
| 040 | |c Pontificia Universidad Católica de Valparaíso | ||
| 082 | 0 | 4 | |a 822.33 SHA 2018 |2 21 |
| 100 | |a Shakespeare, William |e autor |9 265757 | ||
| 245 | 1 | 0 | |a Hamlet. |
| 250 | |a 23ª. edición | ||
| 260 | |a Santiago, Chile: |b Zig-Zag, |c 2018. | ||
| 300 | |a 191 páginas. | ||
| 490 | 0 | |a Viento Joven. Teatro. | |
| 583 | |a last modification |c 19951124 00:00:00 |k Cristina María Rojas Aguilar | ||
| 650 | 0 | |a Literatura inglesa |9 312907 | |
| 650 | 0 | |a Teatro inglés |9 265744 | |
| 700 | |a Schmidt, Alejandra |e versión integra |9 870105 | ||
| 942 | |c BK |2 ddc | ||
| 952 | |0 0 |1 0 |2 ddc |4 0 |6 822_330000000000000_SHA_2018 |7 0 |8 A |9 583351 |a BIBART |b BIBART |d 2022-06-02 |e Reposición por pérdida |i 5651484 |o 822.33 SHA 2018 |p 5651484 |r 2025-03-13 |t 1 |w 2022-06-02 |y BK |k ART | ||